000 00526cam a2200193ua 4500
001 446
005 20260515113151.0
008 110406n ii |||gr||||Z||||||eng
040 _cMAIN
082 _a341.23
245 _aUnited Nations Organizations. :
_bCritical study. /
_cBy Umesh Chandra Shukla.
250 _a1st.
260 _aAminabad.:
_bPrakashan kendra.,969.
300 _a184 p.:5 cm.
653 _aPolitical science.
653 _aUnited Nations Organization.
700 1 _aShukla, Umesh Chandra.,
942 _cBK
999 _c390
_d390